Petit Bac #87 - Pokémon (1ère Génération) - Statistiques

Statistiques générales
  • Ce quiz a été pris 4 991 fois
  • Le résultat moyen est 16 sur 19
Statistiques - réponses
1ère Lettre Pokémon (1G) % Correct
A Abo / Abra / Aéromite / Akwakwak / Alakazam / Amonistar / Amonita / Aquali / Arbok / Arcanin / Artikodin / Aspicot
96%
C Canarticho / Caninos / Carabaffe / Carapuce / Chenipan / Chétiflor / Chrysacier / Coconfort / Colossinge / Crustabri
96%
D Dardargnan / Dodrio / Doduo / Dracaufeu / Draco / Dracolosse
94%
P Papilusion / Paras / Parasect / Persian / Piafabec / Pikachu / Poissirène / Poissoroy / Ponyta / Porygon / Psykokwak / Ptéra / Ptitard / Pyroli
94%
R Racaillou / Rafflesia / Raichu / Ramoloss / Rapasdepic / Rattata / Rattatac / Reptincel / Rhinocorne / Rhinoféros / Rondoudou / Ronflex / Roucarnage / Roucool / Roucoups
94%
S Sabelette / Sablaireau / Salamèche / Saquedeneu / Scarabrute / Smogo / Smogogo / Soporifik / Spectrum / Stari / Staross / Sulfura
92%
B Boustiflor / Bulbizarre
91%
M M. Mime / Machoc / Machopeur / Mackogneur / Magicarpe / Magmar / Magnéti / Magnéton / Mélodelfe / Mélofée / Métamorph / Mew / Mewtwo / Miaouss / Mimitoss / Minidraco / Mystherbe
91%
E Ectoplasma / Electhor / Electrode / Elektek / Empiflor / Evoli / Excelangue
90%
T Tadmorv / Tartard / Taupiqueur / Tauros / Tentacool / Tentacruel / Têtarte / Tortank / Triopikeur / Tygnon
89%
F Fantominus / Férosinge / Feunard / Flagadoss / Florizarre
88%
G Galopa / Goupix / Gravalanch / Grodoudou / Grolem / Grotadmorv
81%
L Lamantine / Leveinard / Léviator / Lippoutou / Lokhlass
79%
O Onix / Ortide / Ossatueur / Osselait / Otaria
78%
K Kabuto / Kabutops / Kadabra / Kangourex / Kicklee / Kokiyas / Krabboss / Krabby
77%
N Nidoking / Nidoqueen / Nidoran / Nidorina / Nidorino / Noadkoko / Noeunoeuf / Nosferalto / Nosferapti
74%
H Herbizarre / Hypnomade / Hypocéan / Hypotrempe
70%
V Voltali / Voltorbe
68%
I Insecateur
53%
Aucun quiz correspondant
Distribution des résultats
% des personnes avec chaque résultat
Percentile par nombre de réponses
Votre historique - résultats
Vous n’avez pas pris ce quiz